000 00558nam a22001937a 4500
005 20240814173954.0
008 s1988 eng d
041 _aeng
245 1 0 _aIntroduction to Library & Information Service
260 3 _aTaipei :
_bLibrary & Inform,
_c1988
300 _a1 v. :
_b grap ;
_c 30 cm.
650 0 4 _aLegislative Yuan -- Taiwan
650 0 4 _aParliamentary libraries -- Taiwan
850 _aNALT
942 _cLB
997 _c000000000020617
998 _aAREERAT VICHACHANG
_j25
_k นีลวัสน์ อินทรักษา
999 _c20617
_d20617
090 _aKD219.T28.7 I57 1988